La moderna penología: represión del delito y tratamiento de los delincuentes. Penas y medidas. Su ejecución

Uloženo v:
Podrobná bibliografie
Hlavní autor: Cuello Calón, Eugenio (Autor)
Médium: Kniha
Jazyk:španělština
Vydáno: Barcelona Bosch 1958
Témata:
Tagy: Přidat tag
Žádné tagy, Buďte první, kdo vytvoří štítek k tomuto záznamu!

MARC

LEADER 00000nam a2200000 a 4500
001 UCS0148
003 CL-VaPUC
008 970418e19580000SP |||||||||||||||||spa|d
082 0 4 |a 345.02  |b CUE  |2 21 
100 0 |a Cuello Calón, Eugenio  |e author  |9 383296 
245 1 3 |a La moderna penología: represión del delito y tratamiento de los delincuentes. Penas y medidas. Su ejecución 
300 |a v 
942 |c BK 
945 |d 19970418 00:00:00  |a paguirre 
260 |a Barcelona  |b Bosch  |c 1958 
650 7 |a DERECHO PENAL  |2 CL-VaPUC  |9 11 
650 0 |a Delitos  |9 224143 
650 7 |a CRIMINALES  |2 CL-VaPUC  |9 322996 
650 7 |a DELINCUENTES  |2 CL-VaPUC  |9 315465 
650 0 |a Penas   |9 255927 
650 0 |a Penas privativas de libertad  |9 383297 
583 |a last modification  |c 19970418 00:00:00  |k Rodrigo Vera 
999 |c 258393  |d 258391 
952 |0 0  |1 0  |4 0  |6 345_020000000000000_CUE_1958  |7 0  |8 A  |9 282457  |a BIBDER  |b BIBDER  |d 2019-11-19  |h v.1  |i 1830961  |o 345.02 CUE 1958  |p 1830961  |r 2023-01-25  |w 2019-11-19  |y BK  |k DER